BASIC NURSING (Record no. 2140)

MARC details
000 -LEADER
fixed length control field 00331nam a2200145Ia 4500
008 - FIXED-LENGTH DATA ELEMENTS--GENERAL INFORMATION
fixed length control field 150201s2010 xx 000 0 und d
082 ## - DEWEY DECIMAL CLASSIFICATION NUMBER
Classification number 610.7
Item number B10P
100 ## - MAIN ENTRY--PERSONAL NAME
Personal name POTTER, PATRICIA A.
245 ## - TITLE STATEMENT
Title BASIC NURSING
250 ## - EDITION STATEMENT
Edition statement 7TH
260 ## - PUBLICATION, DISTRIBUTION, ETC. (IMPRINT)
Name of publisher, distributor, etc. ELSEVIER
Place of publication, distribution, etc. INDIA
Date of publication, distribution, etc. 2010
300 ## - PHYSICAL DESCRIPTION
Extent 1227
650 ## - SUBJECT ADDED ENTRY--TOPICAL TERM
Topical term or geographic name as entry element NURSING
942 ## - ADDED ENTRY ELEMENTS (KOHA)
Source of classification or shelving scheme Dewey Decimal Classification
Koha item type Books
Koha issues (borrowed), all copies 26
Holdings
Withdrawn status Lost status Source of classification or shelving scheme Damaged status Not for loan Collection code Home library Current library Shelving location Date acquired Source of acquisition Cost, normal purchase price SGTU Bill Number Total Checkouts Full call number Barcode Date last seen Bill Date Koha item type Date last checked out Total Renewals
    Dewey Decimal Classification   Not For Loan NURSING SGT Medical Library SGT Medical Library Reference Book 16/07/2013 ABC DELHI 1495.00 SGTU 3617   610.7 B10P FN1136 09/02/2015 16/07/2013 Books    
    Dewey Decimal Classification     NURSING SGT Medical Library SGT Medical Library Reference Book 16/07/2013 ABC DELHI 1495.00 SGTU 3617 2 610.7 B10P FN1137 12/08/2022 16/07/2013 Books 03/08/2022  
    Dewey Decimal Classification     NURSING SGT Medical Library SGT Medical Library Reference Book 16/07/2013 ABC DELHI 1495.00 SGTU 3617 7 610.7 B10P FN1138 04/10/2023 16/07/2013 Books 04/10/2023  
    Dewey Decimal Classification   Not For Loan NURSING SGT Medical Library SGT Medical Library Reference Book 16/07/2013 ABC DELHI 1495.00 SGTU 3617   610.7 B10P FN1139 09/02/2015 16/07/2013 Books    
    Dewey Decimal Classification     NURSING SGT Medical Library SGT Medical Library Reference Book 16/07/2013 ABC DELHI 1495.00 SGTU 3617 1 610.7 B10P FN1140 31/12/2024 16/07/2013 Books 23/12/2024  
    Dewey Decimal Classification     NURSING SGT Medical Library SGT Medical Library Reference Book 04/12/2014 ABC DELHI 1495.00 SGTU 4559 8 610.73 B11P FN1516 04/03/2024 04/12/2014 Books 20/02/2024  
    Dewey Decimal Classification     NURSING SGT Medical Library SGT Medical Library Reference Book 04/12/2014 ABC DELHI 1495.00 SGTU 4559 2 610.73 B11P FN1517 26/06/2023 04/12/2014 Books 07/06/2023  
    Dewey Decimal Classification     NURSING SGT Medical Library SGT Medical Library Reference Book 04/12/2014 ABC DELHI 1495.00 SGTU 4559 7 610.73 B11P FN1518 22/06/2024 04/12/2014 Books 22/05/2024 1